| 000 | 00549nam a2200169 a 4500 | ||
|---|---|---|---|
| 005 | 20210223122403.0 | ||
| 008 | 991125s1939 ag 000 0 por u | ||
| 035 | _aUPN01000034487 | ||
| 049 | _aCG | ||
| 050 | 4 |
_aLB1571 _bC6.4 |
|
| 100 | 1 | _aCorrea Sena, Adalberto | |
| 245 | 1 | 0 |
_aLegislacao brasileira do ensino secundário de 1901 a 1939 / _cAdalberto Correa Sena. |
| 260 |
_aBuenos Aires : _bLivraria Central, _c1939. |
||
| 300 | _a281 p., [1] h. pleg. | ||
| 650 | 4 |
_aEDUCACION SECUNDARIA - _xLEYES Y LEGISLACION - _zBRASIL _919350 |
|
| 905 | _aLibro | ||
| 999 |
_c34487 _d34487 |
||